<?xml version="1.0" encoding="UTF-8"?>
<record
    xmlns:xsi="http://www.w3.org/2001/XMLSchema-instance"
    xsi:schemaLocation="http://www.loc.gov/MARC21/slim http://www.loc.gov/standards/marcxml/schema/MARC21slim.xsd"
    xmlns="http://www.loc.gov/MARC21/slim">

  <leader>03798nam a22003497u 4500</leader>
  <controlfield tag="001">pwiiw7072</controlfield>
  <controlfield tag="003">OSt</controlfield>
  <controlfield tag="005">20260517120238.0</controlfield>
  <controlfield tag="008">241115t2024    au ||||| |||||||| ||ger d</controlfield>
  <datafield tag="040" ind1=" " ind2=" ">
    <subfield code="c">OSt</subfield>
  </datafield>
  <datafield tag="041" ind1=" " ind2=" ">
    <subfield code="a">ger</subfield>
  </datafield>
  <datafield tag="084" ind1=" " ind2=" ">
    <subfield code="a">H25</subfield>
    <subfield code="a">H31</subfield>
    <subfield code="a">H32</subfield>
    <subfield code="a">Q54</subfield>
    <subfield code="2">jelc</subfield>
  </datafield>
  <datafield tag="100" ind1="1" ind2=" ">
    <subfield code="a">Heimberger, Philipp</subfield>
  </datafield>
  <datafield tag="245" ind1="1" ind2="0">
    <subfield code="a">Klima-F&#xF6;rderungen: Eine Analyse der Verteilung von &#xF6;ffentlichen F&#xF6;rdergeldern im Zuge der Dekarbonisierung</subfield>
  </datafield>
  <datafield tag="260" ind1=" " ind2=" ">
    <subfield code="a">Wien :</subfield>
    <subfield code="b">Wiener Institut f&#xFC;r Internationale Wirtschaftsvergleiche (wiiw),</subfield>
    <subfield code="c">2024.</subfield>
  </datafield>
  <datafield tag="300" ind1=" " ind2=" ">
    <subfield code="a">55 S., </subfield>
    <subfield code="b">5 Tables and 49 Figures,</subfield>
    <subfield code="c">30cm.</subfield>
  </datafield>
  <datafield tag="490" ind1="1" ind2=" ">
    <subfield code="a">wiiw Research Reports in German Language</subfield>
    <subfield code="v">29</subfield>
  </datafield>
  <datafield tag="520" ind1=" " ind2=" ">
    <subfield code="a">Klima-F&#xF6;rderungen: Eine Analyse der Verteilung von &#xF6;ffentlichen F&#xF6;rdergeldern im Zuge der Dekarbonisierung

This publication is available in German language only.

For a brief English summary see further below.

Diese Studie liefert eine deskriptive Analyse der Verteilung von klimaschutzrelevanten direkten staatlichen F&#xF6;rderungen (Klima-F&#xF6;rderungen) in Gesamt&#xF6;sterreich und im Bundesl&#xE4;ndervergleich, wobei bei letzterem Ober&#xF6;sterreich in den Mittelpunkt der Untersuchung r&#xFC;ckt. W&#xE4;hrend es zur Analyse von F&#xF6;rderungen in &#xD6;sterreich bereits Arbeiten gibt, liefert unsere Studie erste Ergebnisse zur Verteilungsdimension von Klima-F&#xF6;rderungen. Wir verwenden Daten der Transparenzdatenbank unter Ber&#xFC;cksichtigung von Sonderauswertungen durch die Statistik Austria f&#xFC;r die Jahre 2021 und 2022. Die analysierten Daten beinhalten direkte F&#xF6;rderprogramme aus vier Kategorien: erneuerbare Energie und Energieeffizienzma&#xDF;nahmen; Forschung und Klima; alternative Mobilit&#xE4;t; und weitere Umwelt- und Klimaschutzma&#xDF;nahmen. Wir berichten die F&#xF6;rderungen nach F&#xF6;rderempf&#xE4;ngerinnen und F&#xF6;rderempf&#xE4;ngern (Personen, Unternehmen und gemeinn&#xFC;tzige Organisationen/&#xF6;ffentliche Verwaltung) und nehmen eine Aufteilung der Personenf&#xF6;rderungen nach Einkommensgruppen, Altersgruppen und Bildungsstand, sowie bei den Unternehmensf&#xF6;rderungen nach Unternehmensumsatz, Anzahl der Mitarbeitenden und Unternehmensbranche vor.

Climate subsidies: An analysis of the distribution of public subsidies in the context of decarbonisation

This study provides a descriptive analysis of the distribution of direct state subsidies relevant for climate protection (in short: climate subsidies) in Austria as a whole and in a comparison of the states, with Upper Austria taking centre stage in the latter. While there is already work on analysing subsidies in Austria, our study provides the first results on the distributional dimension of climate subsidies. We use data from the transparency database, taking into account special analysis by Statistik Austria for the years 2021 and 2022. The data analysed includes direct funding programs from four categories: renewable energy and energy efficiency measures; research and climate; alternative mobility; and other environmental and climate protection measures. We report the funding by recipients (individuals, companies and non-profit organisations/public administration). The climate subsidies received by persons are broken down by income group, age group and level of education. Funding received by companies is distinguished along the dimensions turnover, number of employees and company sector.
</subfield>
  </datafield>
  <datafield tag="650" ind1=" " ind2=" ">
    <subfield code="a">Klimapolitik</subfield>
  </datafield>
  <datafield tag="650" ind1=" " ind2=" ">
    <subfield code="a">Dekarbonisierung</subfield>
  </datafield>
  <datafield tag="650" ind1=" " ind2=" ">
    <subfield code="a">F&#xF6;rderungen</subfield>
  </datafield>
  <datafield tag="650" ind1=" " ind2=" ">
    <subfield code="a">&#xF6;ffentliche Ausgaben</subfield>
  </datafield>
  <datafield tag="650" ind1=" " ind2=" ">
    <subfield code="a">Energie und Effizienz</subfield>
  </datafield>
  <datafield tag="651" ind1=" " ind2=" ">
    <subfield code="a">Austria</subfield>
  </datafield>
  <datafield tag="690" ind1=" " ind2=" ">
    <subfield code="a">Macroeconomic Analysis and Policy</subfield>
  </datafield>
  <datafield tag="690" ind1=" " ind2=" ">
    <subfield code="a">Labour, Migration and Income Distribution</subfield>
  </datafield>
  <datafield tag="700" ind1="1" ind2=" ">
    <subfield code="a">Lichtenberger, Andreas</subfield>
  </datafield>
  <datafield tag="700" ind1="1" ind2=" ">
    <subfield code="a">Sch&#xFC;tz, Bernhard</subfield>
  </datafield>
  <datafield tag="830" ind1=" " ind2="0">
    <subfield code="v">29</subfield>
    <subfield code="w">WIIW0000108</subfield>
    <subfield code="t">wiiw Research Reports in German Language</subfield>
  </datafield>
  <datafield tag="856" ind1="4" ind2="0">
    <subfield code="u">https://wiiw.ac.at/p-7072.html</subfield>
  </datafield>
  <datafield tag="942" ind1=" " ind2=" ">
    <subfield code="c">P</subfield>
  </datafield>
  <datafield tag="999" ind1=" " ind2=" ">
    <subfield code="c">9126</subfield>
    <subfield code="d">9126</subfield>
  </datafield>
  <datafield tag="952" ind1=" " ind2=" ">
    <subfield code="0">0</subfield>
    <subfield code="1">0</subfield>
    <subfield code="4">0</subfield>
    <subfield code="7">0</subfield>
    <subfield code="a">BIB</subfield>
    <subfield code="b">BIB</subfield>
    <subfield code="c">1</subfield>
    <subfield code="d">2024-11-15</subfield>
    <subfield code="i">pwiiw7072</subfield>
    <subfield code="l">0</subfield>
    <subfield code="p">1000010007072</subfield>
    <subfield code="r">2024-11-15 00:00:00</subfield>
    <subfield code="w">2025-04-07</subfield>
    <subfield code="y">P</subfield>
  </datafield>
</record>
